Dialogando con los jóvenes: encuentro con los jóvenes de París. Homilía en Belo Horizonte, Brasil. Oración con los jóvenes

Bewaard in:
Bibliografische gegevens
Hoofdauteur: Juan Pablo II (Auteur)
Formaat: Boek
Taal:Spaans
Gepubliceerd in: Santiago Salesiana 1985
Reeks:Serie Palabras de Juan Pablo II, 3
Onderwerpen:
Tags: Voeg label toe
Geen labels, Wees de eerste die dit record labelt!

MARC

LEADER 00000nam a2200000 a 4500
001 UCR2205
003 CL-VaPUC
008 980109e19850000CL |||||||||||||||||spa|d
082 0 4 |a 262.91  |b JUA  |2 21 
100 |a Juan Pablo II  |e author  |9 309920 
245 1 0 |a Dialogando con los jóvenes: encuentro con los jóvenes de París. Homilía en Belo Horizonte, Brasil. Oración con los jóvenes 
300 |a 29 p 
942 |c BK 
945 |d 19980109 00:00:00  |a rleighto 
260 |a Santiago  |b Salesiana  |c 1985 
650 0 |a Documentos pontificios   |9 255642 
650 0 |a Mensajes papales   |9 395379 
650 0 |a Juventud  |9 271073 
650 0 |a Vida cristiana  |9 258753 
583 |a last modification  |c 19980109 00:00:00  |k Rodrigo Vera 
490 0 |a Serie Palabras de Juan Pablo II, 3 
999 |c 265463  |d 265461 
952 |0 0  |1 0  |4 0  |6 262_910000000000000_JUA_1985  |7 0  |8 A  |9 296397  |a BIBTEO  |b BIBTEO  |d 2019-11-20  |i 3371719  |o 262.91 JUA 1985  |p 3371719  |r 2025-01-17  |w 2019-11-20  |y BK  |k ICR